01145nab a22002297a 4500999001500000003000400015005001700019008004100036040000700077100003100084245012700115300001500242500003600257505019200293505013000485650002800615650004500643650002300688650003500711773015600746942001300902 c6071d6071OSt20260121011245.0190514b xxu||||| |||| 00| 0 spa d cPJ 96668aMartino, Carolina B.13aEl reconocimiento efectivo del acceso al derecho a la identidad de género en adolescentes trans /cCarolina B. Martino.  ap. 178-185 aCita: TR LALEY AR/DOC/979/2024. aSumario: I. Introducción.— II. Hechos y resolución del caso.— III. Encuadre normativo.— IV. Precedentes sobre la materia.— V. Contexto global.— VI. Breve reflexión final.  tFallo comentado: JFamilia, Niñez y Adolescencia Nro. 3 Neuquén ~ 30/10/2023 ~ P. A. A. V. E. s/ medida autosatisfactiva. 09967aDERECHO DE FAMILIA 094305aDERECHO A LA IDENTIDAD DE GÉNERO 095662aADOLESCENTES 091057aJURISPRUDENCIA APLICABLE0 0284493222dBuenos Aires : AbeledoPerrot, 1989-tDerecho de familia. Revista Interdisciplinaria de doctrina y jurisprudencia. Junio 2024-III.z18511201 2udccANA